Presidents by Voice Quiz Stats

 Plays Quiz Updated Mar 17, 2016

Challenge
Share
Tweet
Score 0/20 Timer 08:00
3 Plays Today
Number President % Correct
1George W. Bush
97.8%
2Franklin D. Roosevelt
95.9%
3Bill Clinton
88.8%
5Jimmy Carter
86.8%
14Barack Obama
84.3%
11Ronald Reagan
82.4%
13John F. Kennedy
81.7%
18Richard M. Nixon
80.6%
19George H. W. Bush
74.1%
6Gerald Ford
71.4%
Number President % Correct
7Herbert Hoover
71.3%
16Lyndon B. Johnson
70.6%
4Calvin Coolidge
64.9%
9Dwight D. Eisenhower
64.2%
8Theodore Roosevelt
60%
20Harry Truman
60%
10Warren G. Harding
51.5%
17Woodrow Wilson
50.5%
12William Howard Taft
46.9%
15Benjamin Harrison
31.4%

You're not logged in!

Compare scores with friends on all Sporcle quizzes.
OR
Log In

You Might Also Like...

Show Comments

Extras

Top Quizzes Today


Score Distribution

Your Account Isn't Verified!

In order to create a playlist on Sporcle, you need to verify the email address you used during registration. Go to your Sporcle Settings to finish the process.

Report this User

Report this user for behavior that violates our Community Guidelines.

Details: